En la punta de la lengua [juego] /
Guardado en:
| Formato: | Objeto Físico |
|---|---|
| Publicado: |
Argentina :
copyleft,
[201?]
|
| Materias: | |
| Etiquetas: |
Agregar Etiqueta
Sin Etiquetas, Sea el primero en etiquetar este registro!
|
| LEADER | 00838nrm a22001695g 4500 | ||
|---|---|---|---|
| 001 | CEM.cems019234 | ||
| 008 | 130507b201?##################0###0#####d | ||
| 005 | 20220830094924.0 | ||
| 003 | CEMS | ||
| 245 | 0 | 0 | |a En la punta de la lengua [juego] / |c El Espejo |
| 260 | |a Argentina : |b copyleft, |c [201?] | ||
| 300 | |a 1 juego (200 tarjetas: amarillas-varios, lugares,cosas,etc. ; azules-hechos históricos, revoluciones, fechas, etc. ; verdes-conceptos, términos, ideas, etc. ; rojas-personajes, pensadores, artistas, etc.) ; en caja 16 x 12 x 6 cm. + instrucciones. | ||
| 500 | |a Para 2 ó más jugadores a partir de 16 años objetivo: descifrar la palabra secreta. | ||
| 082 | 0 | 4 | |a J793.734 |
| 653 | |a 1. juegos de palabras | ||
| 859 | |a CEMS |b BIB. CEMS - Ludoteca |h J793.734 |i Es64 |p 439.16 |t Ej.1 | ||
| 859 | |a CEMS |b BIB. CEMS - Ludoteca |h J793.734 |i Es64 |p 440.16 |t Ej.2 | ||
